ALUCAS adatbázis alapján lehatárolt kukorica parcellák tér és időbeli biomassza produkciójának vizsgálata MODIS műholdképek alapján számolt EVI index segítségével

Elmentve itt :
Bibliográfiai részletek
Szerző: Kocsán Kitti Anikó
További közreműködők: Szilassi Péter (Témavezető)
Ladányi Zsuzsanna (Témavezető)
Dokumentumtípus: Szakdolgozat
Megjelent: 2018
Tárgyszavak:
Online Access:http://diploma.bibl.u-szeged.hu/86764
LEADER 01007nta a2200205 i 4500
001 dipl86764
005 20200624134640.0
008 200624s2018 hu om 0|| hun d
040 |a SZTE Diploma Repozitórium  |b hun 
041 |a hun 
100 1 |a Kocsán Kitti Anikó 
245 1 0 |a ALUCAS adatbázis alapján lehatárolt kukorica parcellák tér és időbeli biomassza produkciójának vizsgálata MODIS műholdképek alapján számolt EVI index segítségével  |h [elektronikus dokumentum] /  |c Kitti Anikó Kocsán 
246 1 0 |a Examination of space and temporal biomass production of maize parcels based on the LUCAS database with the help of the EVI index calculated on the basis of MODIS satellite images  |h [elektronikus dokumentum] 
260 |c 2018 
650 4 |a Természettudományok 
650 4 |a Biomass 
650 4 |a Bioenergy 
700 0 1 |a Szilassi Péter  |e ths 
700 0 1 |a Ladányi Zsuzsanna  |e ths 
856 4 0 |u https://diploma.bibl.u-szeged.hu/id/eprint/86764/2/2018_kocsan_kitti_aniko.pdf  |z Dokumentum-elérés